LEADER 01277nam a2200301 i 4500 001 000000141405 003 CaOOAMICUS 005 20181024165841.0 008 050718s1988 it u000 u ita u 013 $a115890 020 $a88-15-01807-7 040 $aSeMil$bita 100 1 $aCavalli, Alessandro.$0(OLS)http://semarc/name/16913 245 10$aGiovani anni 80 :$bsecondo rapporto Iard sulla condizione giovanile in Italia /$cAlessandro Cavalli, Antonio De Lillo. 260 $aBologna :$bIl Mulino,$c1988. 300 $a209 p. ;$c21 cm. 490 0 $aContemporanea ;$v26 500 $aContiene : Appendice. 650 4$aGiovani - Italia - Ricerche.$0(OLS)http://semarc/subject/12107 700 1 $aDe Lillo, Antonio.$0(OLS)http://semarc/name/19944 830 0$aContemporanea ;$v26.$0(OLS)http://semarc/title/1948 850 $aSeMil 852 $aSeMil$W1$xVenegono$y1$m3N VI 577$j213003$B94649$CSeMilBibl$Z2$F100426 $81 961 $aLascito: Corradi mons. Enrico 996 $6020$a88-15-01807-7$9(OLS)http://semarc/number/129594 996 $6245$aGiovani anni 80 :$bsecondo rapporto Iard sulla condizione giovanile in Italia$9(OLS)http://semarc/title/206631 996 $6260$aBologna :$bIl Mulino$9(OLS)http://semarc/publisher/29842 LEADER 01448nam a2200313 4500 001 000000330794 003 CaOOAMICUS 005 20181107095925.0 008 181019s2013 it 000 u ita r 020 $a978-88-6190-251-0 040 $aSeMil$bita 100 1 $aFurlanetto, Valentina.$0(OLS)http://semarc/name/108335 245 12$aL'industria della carità /$cValentina Furlanetto ; prefazione di Alex Zanotelli. 264 1$aMilano :$bChiarelettere,$c2013. 300 $aXVI, 243 p. ;$c21 cm 490 1 $aPrincipio attivo 500 $aIn copertina: Da storie e testimonianze inedite il volto nascosto della beneficenza 610 24$aEnti senza scopo di lucro.$0(OLS)http://semarc/subject/19676 650 4$aOrganizzazioni non governative - Inchieste.$0(OLS)http://semarc/subject/47802 650 4$aBeneficenza - Italia - Inchieste.$0(OLS)http://semarc/subject/47801 700 1 $aZanotelli, Alex,$c.$0(OLS)http://semarc/name/36563 830 0$aPrincipio attivo.$0(OLS)http://semarc/title/419741 850 $aSeMil 852 $aSeMil$W1$xVenegono$y1$m3E II 378$j210512$B223461$CSeMilBibl$Z2$F223461 $81 961 $aLascito don Giuseppe Prina 996 $6020$a978-88-6190-251-0$9(OLS)http://semarc/number/285416 996 $6245$aL'industria della carità$9(OLS)http://semarc/title/419306 996 $6264$aMilano :$bChiarelettere$9(OLS)http://semarc/publisher/35000